Statistics for WWE: Whose Finisher Is It Anyway?

Click here to take the quiz!

General Stats

  • This quiz has been taken 14,011 times
  • The average score is 15 of 20

Answer Stats

FinisherSuperstar% Correct
RKORandy Orton
99%
619Rey Mysterio
95%
Attitude AdjustmentJohn Cena
93%
ChokeslamKane
92%
Brogue KickSheamus
92%
PedigreeTriple H
92%
Tombstone PiledriverUndertaker
92%
Go To SleepCM Punk
89%
Zig ZagDolph Ziggler
88%
Trouble in ParadiseKofi Kingston
87%
Sweet Chin MusicShawn Michaels
87%
Skull Crushing FinaleThe Miz
87%
Rough RyderZack Ryder
82%
The CobraSantino Marella
75%
Weapon of Mass DestructionBig Show
57%
The Glam SlamBeth Phoenix
51%
Starship PainJohn Morrison
51%
Shooting Star PressEvan Bourne
49%
450 SplashJustin Gabriel
43%
Heatseeking ElbowCurt Hawkins
14%

Score Distribution

Percentile by Number Answered

Percent of People with Each Score

Your Score History

You have not taken this quiz